Bù công suất phản kháng lưới cung cấp và phân phối điện

Shranjeno v:
Bibliografske podrobnosti
Glavni avtor: PHAN ĐĂNG KHẢI
Format: Knjiga
Jezik:Undetermined
Izdano: H. KHKT 2001
Teme:
Oznake: Označite
Brez oznak, prvi označite!
Thư viện lưu trữ: Trung tâm Học liệu Trường Đại học Cần Thơ
LEADER 00582nam a2200181Ia 4500
001 CTU_46674
008 210402s9999 xx 000 0 und d
082 |a 621.319 
082 |b Kh103 
100 |a PHAN ĐĂNG KHẢI 
245 0 |a Bù công suất phản kháng lưới cung cấp và phân phối điện 
245 0 |c PHAN ĐĂNG KHẢI 
260 |a H. 
260 |b KHKT 
260 |c 2001 
650 |a electric power distribution,electric power transmission 
650 |x equipments and supplies 
980 |a Trung tâm Học liệu Trường Đại học Cần Thơ